| 000 | 01414cam a22003854a 4500 | ||
|---|---|---|---|
| 999 |
_c29377 _d29348 |
||
| 001 | 4729810 | ||
| 003 | EG-ScBUE | ||
| 005 | 20210822121300.0 | ||
| 008 | 010410s1997 enk f b 001 0 fre d | ||
| 020 | _a2503831362 | ||
| 020 | _a9782503831367 | ||
| 035 | _a(OCoLC)ocn778750931 | ||
| 035 | _a4729810 | ||
| 040 |
_aFBF _bfre _erda _cFBF _dOCL _dOCLCQ _dLGG _dZWZ _dUQ1 _dEG-ScBUE |
||
| 041 | 1 |
_afre _heng |
|
| 082 | 0 | 4 |
_a270.09174927 _bTAL _222 |
| 100 | 0 |
_aHassan bin Talal, _cPrince of Jordan, _eauthor. |
|
| 240 | 1 | 0 |
_aChristianity in the Arab World. _lFrench |
| 245 | 1 | 0 |
_aIslam & Christianism : _bentretien de Son Altesse Royale le Prince Hassan avec Madame Ghislaine Mathieu / _cEl Hassan bin Talal, Prince héritier de Jordanie ; préface du Pére Raymond Jacques Tournay. |
| 246 | 3 | _aIslam and Christianism | |
| 264 | 1 |
_aLondon : _bArabesque Int., _c1997. |
|
| 300 |
_a169 pages ; _c23 cm |
||
| 336 |
_2rdacontent _atext _btxt |
||
| 337 |
_2rdamedia _aunmediated _bn |
||
| 338 |
_2rdacarrier _avolume _bnc |
||
| 504 | _aIncludes bibliographical references and index. | ||
| 650 | 7 |
_aChristianity _zArab countries. _2BUEsh |
|
| 650 | 7 |
_aChristianity and other religions _xIslam. _2BUEsh |
|
| 650 | 7 |
_aIslam _xRelations _xChristianity. _2BUEsh |
|
| 651 | 7 |
_aArab countries _xChurch history. _2BUEsh |
|
| 653 |
_bGGEN _cAugust2021 |
||
| 655 |
_vReading book _934232 |
||
| 942 |
_2ddc _cBB |
||